Complete Each Gandhi Quote Quiz Stats

 Plays Quiz not verified by Sporcle

Score 0/20 Timer 06:00
0 Plays Today
% Correct
Learn as if you were to live forever.
88.1%
but not for man's greed.
87.9%
in the service of others.
87.6%
there is life
87.5%
form of violence.
87.5%
my soul expands in the worship of the creator.
86.9%
Forgiveness is the attribute of the strong.
86%
is a punishment.
85.9%
It comes from an indomitable will.
85.2%
the hearts and in the soul of its people.
83.9%
% Correct
words without a heart.
83%
a thousand heads bowing in prayer.
82.8%
what he thinks, he becomes.
82%
not pieces of gold and silver.
81.5%
May he be so to every one of us.
80.4%
more than tons of preaching.
79.4%
the enemies of correct understanding.
77.8%
my message.
72.6%
pride is a monster that swallows it up.
72%
but who can make his mother more beautiful?
70.9%

You're not logged in!

Compare scores with friends on all Sporcle quizzes.
OR
Log In

Sporcle TV

Today on Sporcle TV


Watch our educational content, quiz creation guides, and fun videos on Sporcle TV.

Show Comments

Extras

Top Quizzes Today


Score Distribution

Your Account Isn't Verified!

In order to create a playlist on Sporcle, you need to verify the email address you used during registration. Go to your Sporcle Settings to finish the process.

Report this User

Report this user for behavior that violates our Community Guidelines.

Details: